=LDR 00000nam 2200000 4500 =001 INLIS000000000020489 =005 20200401071624 =035 ##$$a 0010-061300000020489 =008 200401################g##########0#ind## =041 ##$$a ind =082 ##$$a 2x0.000 7 =090 ##$$a 2x0.000 7, Int i =245 1#$$a Integrasi ilmu agama dan ilmu umum /$c Prof. Dr. H. Abuddin Nata ... [at.al] =260 ##$$a Jakarta :$b Raja Grafindo Persada,$c 2005 =300 ##$$a xiiv, 199 hlm. ; $c 21 x 14 cm =650 #4$$a Ilmu agama =850 ##$$a NBPNMAT =020 ##$$a 979-3654-07-4 =084 ##$$a 2x0.000 7 ABU i =100 #$$a Abuddin Nata =250 ##$$a cet. 1 =990 ##$$a 20611348 =990 ##$$a 20611349 =990 ##$$a 20611350 =990 ##$$a 20611351